Praha revoluční : soupis pražských památek a památných míst revolučního dělnického hnutí, Komunistické strany Československa a protifašistického odboje /

Další autoři: Buříval, Zdislav, 1919-1990, Dousek, Vladimír, 1942-
Jazyk: Čeština
Vydáno: Praha : Olympia, 1975
Vydání: 1. vyd.
Témata:
Externí odkaz: Digitalizovaný dokument
Fyzický popis: 78 s.
Knihy
Uloženo v:
LEADER 01363nam a22003012a 4500
001 000406365
003 CZ BrMZK
005 20210901085538.0
007 ta
008 990307s1975 xr f cze d
015 |a cnb000458682 
035 |a (OCoLC)3272784 
040 |a BOA001  |b cze 
245 0 0 |a Praha revoluční :  |b soupis pražských památek a památných míst revolučního dělnického hnutí, Komunistické strany Československa a protifašistického odboje /  |c zprac. kol. ... pod ved. Zdislava Buřívala ; fotografie Vladimír Dousek ... [et al.] 
250 |a 1. vyd. 
260 |a Praha :  |b Olympia,  |c 1975 
300 |a 78 s. 
504 |a Obsahuje bibliografii 
700 1 |a Buříval, Zdislav,  |d 1919-1990  |7 jk01020447  |4 aut 
700 1 |a Dousek, Vladimír,  |d 1942-  |7 jo2012724747  |4 pht 
856 4 1 |u http://www.digitalniknihovna.cz/mzk/uuid/uuid:eec8ff90-5a5b-11e2-865f-005056822549  |y Digitalizovaný dokument  |x NDK 
910 |a BOA001  |b PK-0075.819  |b 2-0747.720 
920 |a 001232850 
964 |a Praha - hnutí dělnické - památky - soupisy 
964 |a Praha - odboj domácí druhý - památky - soupisy 
990 |a BK 
996 6 |b 2619561624  |c 2-0747.720  |l Sklad H1  |r Sklad / do 24 hodin  |n 2  |h HS 212  |w 000406365  |u 000020  |a 1  |e BOA001  |j MZK50  |s P 
996 7 |b 3119821179  |c PK-0075.819  |l MZK  |r Sklad / do 1 hodiny  |n 1  |w 000406365  |u 000010  |a 1  |e BOA001  |j MZK50  |s A